| 000 | 01101nam a2200277 a 4500 | ||
|---|---|---|---|
| 001 | 52102 | ||
| 003 | BD-RjUL | ||
| 005 | 20211209075744.0 | ||
| 008 | 160906r19631960ii 001 0 eng d | ||
| 035 | _a(BD-RjUL) 52222 | ||
| 040 |
_aBMC _cBMC _dEQO _dBD-RjUL _beng |
||
| 041 | _aeng | ||
| 082 |
_223 _a347.954 _bGOC 1963 |
||
| 100 | 1 |
_aGopalakrishnan, T. P., _d1903- _9155832 |
|
| 245 | 1 | 0 |
_aCodified Hindu laws : _bbeing commentaries on Hindu Marriage Act, Hindu Succession Act, Hindu Adoptions and Maintenance Act, and Hindu Minority and Guardianship Act ; with all unrepealed and repealed Acts pertaining to Hindu laws from 1850 to 1959. / _cT. P. Gopalakrishnan |
| 250 | _a2nd ed. | ||
| 260 |
_aAllahabad : _bLaw Book Co, _cc1960 [Reprinted 1963] |
||
| 300 |
_aVarious pagings ; _c25 cm. |
||
| 500 | _aIncludes index. | ||
| 650 | 0 |
_aMarriage (Hindu law) _9155833 |
|
| 650 | 0 |
_aInheritance and succession (Hindu law) _9148973 |
|
| 650 | 0 |
_aGuardian and ward (Hindu law) _9155834 |
|
| 650 | 0 |
_aParent and child (Law) _zIndia _9155835 |
|
| 650 | 0 |
_aAdoption (Hindu law) _9155836 |
|
| 942 |
_2ddc _cBK |
||
| 999 |
_c52102 _d52102 |
||